000 00612nam a2200241Ia 4500
003 OSt
005 20220918202809.0
006 a|||||r|||| 00| 0
007 ta
008 220917b |||||||| |||| 00| 0 eng d
024 _a103,959
037 _cTextual
040 _aARTS
_cARTS
_beng
041 _2eng
_aeng
082 _aV2,8.N7, L82
100 _aPanda B
_9105318
245 0 _aIndian bureaucracy
_b inside story
260 _aNew Delhi
_bUppal
_c1978
300 _axiv, 213p.
_ccm.
650 _aHISTORY
942 _hV2,8.N7, L82
_cTEXL
_2CC
999 _c227335
_d227335